Espíritu del siglo / (Record no. 158965)

MARC details
000 -LEADER
campo de control de longitud fija 01370nam a2200277 i 4500
001 - NÚMERO DE CONTROL
campo de control 158965
003 - IDENTIFICADOR DE NÚMERO DE CONTROL
campo de control ES-MaACL
005 - FECHA Y HORA DE LA ÚLTIMA TRANSACCIÓN
campo de control 20250808060757.0
008 - DATOS DE LONGITUD FIJA--INFORMACIÓN GENERAL
campo de control de longitud fija 940202m18351851sp |||| | spa d
080 ## - NÚMERO DE LA CLASIFICACIÓN DECIMAL UNIVERSAL
Número de la Clasificación Decimal Universal 94(4)"1789/1815"
100 1# - ENTRADA PRINCIPAL--NOMBRE DE PERSONA
Nombre de persona Martínez de la Rosa, Francisco,
Fechas asociadas al nombre 1787-1862
9 (RLIN) 78009
245 10 - MENCIÓN DEL TÍTULO
Título Espíritu del siglo /
Mención de responsabilidad, etc. por Don Francisco Martínez de la Rosa.
260 ## - PUBLICACIÓN, DISTRIBUCIÓN, ETC.
Lugar de publicación, distribución, etc. Madrid :
Nombre del editor, distribuidor, etc. [s.n.],
Fecha de publicación, distribución, etc. 1835-1851 (
Fabricante Imp. de Tomás Jordán)
300 ## - DESCRIPCIÓN FÍSICA
Extensión 10 v. ;
Dimensiones 20 cm.
530 ## - NOTA DISPONIBLE DE FORMULARIO FÍSICO ADICIONAL
Nota de formato físico adicional disponible Disponible en formato digital.
596 ## - NOTA AL PIE DE IMPRENTA
NOTA AL PIE DE IMPRENTA La imprenta varía: v. 5, Imp. de Alegría y Charlain ; v. 6, Imp. de D. Vicente de Lalama ; v. 7, Imp. de la Viuda de Jordán e Hijos ; v. 8-10, Imp. de Agustín Espinosa y Cía.
597 ## - NOTA DE DESCRIPCIÓN FÍSICA
NOTA DE DESCRIPCIÓN FÍSICA T. I. (342 p.) - t. II. (264 p.) - t. III. (428 p.) - t. IV. (272 p.) - t. V. (397) - t. VI. (360 p.) - t. VII. (387 p.) - t. VIII. (431 p.) - t. IX (407 p.) - t. X. (VI, 358 p.)
650 #4 - PUNTO DE ACCESO ADICIONAL DE MATERIA--TÉRMINO DE MATERIA
Término de materia o nombre geográfico como elemento de entrada
9 (RLIN) 241189
651 #0 - PUNTO DE ACCESO ADICIONAL DE MATERIA--NOMBRE GEOGRÁFICO
Nombre geográfico Francia-
Subdivisión general Historia-
Subdivisión cronológica 1789-1799, Revolución
9 (RLIN) 241176
651 #4 - PUNTO DE ACCESO ADICIONAL DE MATERIA--NOMBRE GEOGRÁFICO
Nombre geográfico Francia-
Subdivisión general Historia-
Subdivisión cronológica 1814-1830, Restauración
9 (RLIN) 8695
651 #4 - PUNTO DE ACCESO ADICIONAL DE MATERIA--NOMBRE GEOGRÁFICO
Nombre geográfico Europa-
Subdivisión general Historia-
Subdivisión cronológica 1789-1815.
9 (RLIN) 8604
852 ## - LOCALIZACIÓN
Ubicación ES-MaACL
Número de control de estantería R-2237-46
Encuadernación Olim: D-1929-38
852 ## - LOCALIZACIÓN
Ubicación ES-MaACL
Número de control de estantería G-9227-36
Nota libre - Enc. hol.
856 ## - LOCALIZACIÓN Y ACCESO ELECTRÓNICOS
Identificador Uniforme de Recursos <a href="http://bdh-rd.bne.es/viewer.vm?id=0000005842&page=1 ">http://bdh-rd.bne.es/viewer.vm?id=0000005842&page=1 </a>
Nota pública Biblioteca Digital Hispánica
Holdings
Estatus retirado Estado de pérdida Estado de daño No para préstamo Colección Biblioteca de origen Biblioteca actual Ubicación en estantería Fecha de adquisición Total de préstamos Signatura topográfica completa Código de barras Visto por última vez Precio de reemplazo Tipo de ítem Koha
        Colección digital Biblioteca del Ateneo de Madrid Biblioteca del Ateneo de Madrid Sala Pecera Planta 3 17/01/2008   G-9227-36 1166401 23/02/2023 23/02/2023 Libro impreso antiguo
        Colección digital Biblioteca del Ateneo de Madrid Biblioteca del Ateneo de Madrid Depósito 17/01/2008   R-2237-46 1166400 23/02/2023 23/02/2023 Libro impreso antiguo